Human Rights, Gender and Environment (Record no. 14930)

MARC details
000 -LEADER
fixed length control field 00613nam a2200241 a 4500
020 ## - INTERNATIONAL STANDARD BOOK NUMBER
ISBN 9789380162065
082 00 - DEWEY DECIMAL CLASSIFICATION NUMBER
Classification number 323.053
Author Cutter RAY
100 ## - MAIN ENTRY--AUTHOR NAME
Author name Ray, Biswash
245 ## - TITLE STATEMENT
Title Human Rights, Gender and Environment
260 ## - PUBLICATION, DISTRIBUTION, ETC. (IMPRINT)
Place of publication Delhi
Name of publisher Arise Pub
Year of publication 2009
300 ## - PHYSICAL DESCRIPTION
Number of Pages 288p
500 ## - GENERAL NOTE
General note includes index and biblioraphy
505 2# - FORMATTED CONTENTS NOTE
Formatted contents note biblio, index
650 ## - SUBJECT ADDED ENTRY--TOPICAL TERM
Topical Term Human Rights and Gender Discriminat
942 ## - ADDED ENTRY ELEMENTS (KOHA)
Koha item type Books
700 1# -
-- Ray, Biswash
Holdings
Collection code Home library Current library Date acquired Cost, normal purchase price Full call number Accession Number Koha item type
  Henry Martyn Institute Library Henry Martyn Institute Library 09/29/2009 800.00 323.053 RAY 022897 Books
                   Copyright © 2026 | Henry Martyn Institute | Hyderabad | TS-500052 | INDIA | Implemented by hmi.edu.in
Hit-Count:

Powered by Koha